书目信息 |
| 题名: |
哈佛大学——幸福课
|
|
| 作者: | 杨晓晖 编著 | |
| 分册: | ||
| 出版信息: | 广州 广东旅游出版社 2014 |
|
| 页数: | 273页 | |
| 开本: | 24cm | |
| 丛书名: | ||
| 单 册: | ||
| 中图分类: | B82-49 | |
| 科图分类: | ||
| 主题词: | 幸福 , 幸福--通俗读物 | |
| 电子资源: | ||
| ISBN: | 978-7-80766-758-2 | |
| 000 | 00905nam0 2200241 450 | |
| 001 | 140162 | |
| 005 | 20140921155029.57 | |
| 010 | @a978-7-80766-758-2@dCNY 36.00 | |
| 100 | @a20140609d2014 em y0chiy50 ea | |
| 101 | 0 | @achi |
| 102 | @aCN@b440000 | |
| 105 | @ay z 000yy | |
| 200 | 1 | @a哈佛大学——幸福课@Aha fo da xue——xing fu ke@b专著@f杨晓晖编著 |
| 210 | @a广州@c广东旅游出版社@d2014 | |
| 215 | @a273页@d24cm | |
| 300 | @a巨嘴鸟文库 名校公开课 | |
| 330 | @a本书内容包括:追根求源,你的幸福怎么那么多困惑;理智思考,对于幸福我们错在哪里;幸福温度,需要树立正确的思想观;利用环境,成为幸福的传递者;与负面情绪狭路相逢,你究竟该如何化解;善用肢体语言,用行动创造属于自己的幸福;培养习惯,幸福需要用心经营等章节。 | |
| 606 | 0 | @a幸福 |
| 606 | 0 | @a幸福@j通俗读物 |
| 690 | @aB82-49@v5 | |
| 701 | 0 | @a杨晓晖@Ayang xiao hui@c(图书策划)@4编著 |
| 801 | 0 | @c20140921 |
| 905 | @a241430@dB82-49@eY300 | |
| 哈佛大学——幸福课/杨晓晖编著.-广州:广东旅游出版社,2014 |
| 273页;24cm |
| 巨嘴鸟文库 名校公开课 |
| ISBN 978-7-80766-758-2:CNY 36.00 |
| 本书内容包括:追根求源,你的幸福怎么那么多困惑;理智思考,对于幸福我们错在哪里;幸福温度,需要树立正确的思想观;利用环境,成为幸福的传递者;与负面情绪狭路相逢,你究竟该如何化解;善用肢体语言,用行动创造属于自己的幸福;培养习惯,幸福需要用心经营等章节。 |
| ● |
| 相关链接 |
|
|
|
正题名:哈佛大学——幸福课
索取号:B82-49/Y300
 
预约/预借
| 序号 | 登录号 | 条形码 | 馆藏地/架位号 | 状态 | 备注 |
| 1 | 0833794 | 208337940 | 社科库509/509社科库 21排3列5层/ [索取号:B82-49/Y300] | 在馆 | |
| 2 | 0833795 | 208337959 | 社科库509/509社科库 21排3列5层/ [索取号:B82-49/Y300] | 在馆 | |
| 3 | 0833796 | 208337968 | 社科库509/509社科库 21排3列5层/ [索取号:B82-49/Y300] | 在馆 |